000 00552nam a22001937a 4500
005 20251108173704.0
008 250721s2007 xx 000 0 ara d
020 _a9957116738
082 1 4 _a658.8/عمر
100 1 _aالعمر، رضوان المحمود
245 1 0 _aالتسويق الدولي /
246 1 1 _aInternational marketing
264 1 _aعمان :
_bدار وائل للنشر و التوزيع،
_c2007.
300 _a346 ص.
650 1 7 _aالتسويق
650 1 7 _aالإدارة
942 _2ddc
_cBK
999 _c110003
_d110003